Food prices, nutrition, and the millenium development goals. (Record no. 15746)

000 -LEADER
fixed length control field 00932cam a22002775a 4500
020 ## - INTERNATIONAL STANDARD BOOK NUMBER
ISBN 9780821394519
020 ## - INTERNATIONAL STANDARD BOOK NUMBER
ISBN 0821394517
020 ## - INTERNATIONAL STANDARD BOOK NUMBER
ISBN 9780821395233 (eISBN)
020 ## - INTERNATIONAL STANDARD BOOK NUMBER
ISBN 0821395238 (eISBN)
040 ## - CATALOGING SOURCE
Transcribing agency BTCTA
082 04 - DEWEY DECIMAL CLASSIFICATION NUMBER
Classification number 338 WOR 2012 A078 Or.
245 00 - TITLE STATEMENT
Title Food prices, nutrition, and the millenium development goals.
246 1# - VARYING FORM OF TITLE
Title proper/short title Global monitoring report 2012
260 ## - PUBLICATION, DISTRIBUTION, ETC. (IMPRINT)
Place of publication Washington, DC :
Name of publisher World Bank,
Year of publication c2012.
300 ## - PHYSICAL DESCRIPTION
Number of Pages xv, 169 p. :
Other physical details col. ill.
500 ## - GENERAL NOTE
General note Written by staffs of the World Bank and the International Monetary Fund.
650 #0 - SUBJECT ADDED ENTRY--TOPICAL TERM
Topical Term Food prices
650 #0 - SUBJECT ADDED ENTRY--TOPICAL TERM
Topical Term Food prices
650 #0 - SUBJECT ADDED ENTRY--TOPICAL TERM
Topical Term Nutrition
650 #0 - SUBJECT ADDED ENTRY--TOPICAL TERM
Topical Term Poor
650 #0 - SUBJECT ADDED ENTRY--TOPICAL TERM
Topical Term Food security
710 2# - ADDED ENTRY--CORPORATE NAME
Corporate name or jurisdiction name as entry element World Bank.
710 2# - ADDED ENTRY--CORPORATE NAME
Corporate name or jurisdiction name as entry element International Monetary Fund.
856 41 - ELECTRONIC LOCATION AND ACCESS
Uniform Resource Identifier http://siteresources.worldbank.org/INTPROSPECTS/Resources/334934-1327948020811/8401693-1327957211156/8402494-1334239337250/Full_Report.pdf
942 ## - ADDED ENTRY ELEMENTS (KOHA)
Koha item type សៀវភៅភាសាអង់គ្លេស
952 ## - LOCATION AND ITEM INFORMATION (KOHA)
Withdrawn status [LOCAL, KOHA] 0
Holdings
Permanent Location Date acquired Koha item type Lost status Shelving location Barcode Current Location Full call number
Library Block A2017-12-08សៀវភៅភាសាអង់គ្លេស A078A13501Library Block A338 WOR 2012 A078 Or.
មជ្ឈមណ្ឌលឯការនៃសាកលវិទ្យាល័យភូមិន្ទកសិកម្មចំការដូង

Powered by Koha